[Event "SLO-chT Central 20th"]
[White "Debeljak, Jaka"]
[Black "Suhadolnik, Jernej"]
[Site "Slovenia"]
[Round "4.4"]
[Result "0-1"]
[Date "2019.10.03"]
[WhiteElo "1870"]
[BlackElo "1863"]
[PlyCount "112"]
[EventDate "2019.09.12"]
[EventType "team-tourn"]
[EventRounds "7"]
[EventCountry "SLO"]
[SourceTitle "EXT 2024"]
[Source "ChessBase"]
[SourceDate "2023.10.10"]
[SourceVersion "1"]
[SourceVersionDate "2023.10.10"]
[SourceQuality "1"]
[WhiteTeam "Komenda Popotnik"]
[BlackTeam "Trzin Buscotrade"]
[WhiteTeamCountry "SLO"]
[BlackTeamCountry "SLO"]

1. e4 b6 2. d4 Bb7 3. Nc3 d6 4. Be3 Nd7 5. Qd2 e6 6. f3 Ne7 7. Be2 h6 8. Nh3 g6 9. Nf2 Bg7 10. Bc4 a6 11. a4 c6 12. f4 d5 13. exd5 cxd5 14. Bd3 Nc8 15. g4 f5 16. gxf5 gxf5 17. Rg1 Qe7 18. Qe2 Nf6 19. 0-0-0 Nd6 20. Rg6 Rg8 21. Rdg1 Qf7 22. h3 Kf8 23. Nfd1 Nde4 24. Kb1 h5 25. Qe1 Bc6 26. Qf1 h4 27. Bxe4 Nxe4 28. Nxe4 fxe4 29. Qe1 Ke7 30. f5 Bf6 31. Qb4+ Kd7 32. Bf4 Be7 33. Qxb6 Bd8 34. Qc5 Be7 35. fxe6+ Qxe6 36. Qb6 Rxg6 37. Qc7+ Ke8 38. Rf1 Rc8 39. Qa5 Bd7 40. Ne3 Qc6 41. c3 Be6 42. Be5 Bxh3 43. Rh1 Be6 44. c4 Rd8 45. c5 h3 46. b4 Bd7 47. Bc7 Rc8 48. Bb6 Rg3 49. b5 axb5 50. Qe1 Rxe3 51. Qxe3 bxa4 52. Ka2 Qb5 53. Qh6 Qe2+ 54. Ka1 Bg4 55. Rh2 Qf3 56. Rf2 Qxf2 0-1

[Event "SLO-chT Central 1st League 14th"]
[White "Suhadolnik, Jernej"]
[Black "Kejzar, Petra"]
[Site "Slovenia"]
[Round "6.1"]
[Result "1-0"]
[Date "2013.11.07"]
[WhiteElo "1895"]
[BlackElo "1811"]
[PlyCount "61"]
[EventDate "2013.09.19"]
[EventType "team-swiss"]
[EventRounds "9"]
[EventCountry "SLO"]
[SourceTitle "EXT 2022"]
[Source "ChessBase"]
[SourceDate "2021.10.06"]
[SourceVersion "1"]
[SourceVersionDate "2021.10.06"]
[SourceQuality "1"]

1. e4 c5 2. Nf3 e6 3. Nc3 Nc6 4. Bb5 Na5 5. 0-0 a6 6. Be2 d5 7. d4 cxd4 8. Nxd4 e5 9. Nf3 d4 10. Nxe5 dxc3 11. Qxd8+ Kxd8 12. Nxf7+ Ke8 13. Nxh8 g6 14. b4 Bxb4 15. Be3 Be6 16. Rab1 Be7 17. Rb6 Bd7 18. e5 Bd8 19. e6 Bc8 20. Rd1 Bxb6 21. Bxb6 Nc6 22. Bc4 Ke7 23. g4 Nh6 24. Bc5+ Kf6 25. g5+ Kxg5 26. Nf7+ Kh5 27. Be2+ Ng4 28. e7 Be6 29. Nd8 Nxe7 30. Bxe7 Bxa2 31. h3 1-0

[Event "SLO-chT1 West"]
[White "Matijevic, Filip"]
[Black "Suhadolnik, Jernej"]
[Site "Ljubljana"]
[Round "7"]
[Result "1-0"]
[Date "2013.10.25"]
[WhiteElo "2136"]
[BlackElo "1895"]
[PlyCount "73"]
[EventDate "2013.09.27"]
[EventType "team-tourn"]
[EventRounds "9"]
[EventCountry "SLO"]
[SourceTitle "EXT 2019"]
[Source "ChessBase"]
[SourceDate "2018.10.10"]
[SourceVersion "1"]
[SourceVersionDate "2018.10.10"]
[SourceQuality "1"]
[WhiteTeam "Val Koper"]
[BlackTeam "Podpec SD"]
[WhiteTeamCountry "SLO"]
[BlackTeamCountry "SLO"]

1. e4 Nf6 2. e5 Nd5 3. d4 d6 4. c4 Nb6 5. exd6 exd6 6. Nc3 Bf5 7. Bd3 Qf6 8. Nf3 Bxd3 9. Qxd3 Qe6+ 10. Kd1 Qxc4 11. Re1+ Be7 12. Qxc4 Nxc4 13. Nd5 Nc6 14. Nxc7+ Kd7 15. Nxa8 Rxa8 16. b3 Nb6 17. Be3 Nd5 18. Kd2 Nf6 19. Rec1 Nb4 20. a3 Ne4+ 21. Ke2 Nd5 22. Kd3 f5 23. Nd2 Nef6 24. Nc4 f4 25. Bd2 b5 26. Na5 Ng4 27. f3 Nh6 28. Nc6 Bf6 29. a4 b4 30. Bxb4 Nf5 31. Bd2 Re8 32. b4 Nde3 33. b5 Nxg2 34. a5 Ngh4 35. b6 axb6 36. axb6 Nxf3 37. b7 1-0

[Event "SLO-chT1 West"]
[White "Galle, Leopold"]
[Black "Suhadolnik, Jernej"]
[Site "Ljubljana"]
[Round "6.6"]
[Result "0-1"]
[Date "2012.09.30"]
[WhiteElo "2038"]
[BlackElo "1883"]
[PlyCount "52"]
[EventDate "2012.09.21"]
[EventType "team-tourn"]
[EventRounds "9"]
[EventCountry "SLO"]
[SourceTitle "EXT 2022"]
[Source "ChessBase"]
[SourceDate "2021.10.06"]
[SourceVersion "1"]
[SourceVersionDate "2021.10.06"]
[SourceQuality "1"]
[WhiteTeam "Domzale SD"]
[BlackTeam "Podpec"]
[WhiteTeamCountry "SLO"]
[BlackTeamCountry "SLO"]

1. Nf3 d5 2. d4 Nf6 3. c4 c6 4. Nc3 e6 5. e3 Nbd7 6. cxd5 exd5 7. Bd3 Bd6 8. 0-0 0-0 9. Qc2 Re8 10. h3 h6 11. a3 Nf8 12. Re1 Bd7 13. Bd2 a6 14. Rad1 Qc7 15. e4 dxe4 16. Nxe4 Nxe4 17. Bxe4 Re7 18. d5 c5 19. Nh4 Rae8 20. Nf5 Rxe4 21. Nxh6+ gxh6 22. Rxe4 Bf5 23. f3 Bxe4 24. fxe4 Bf4 25. Bc3 Be3+ 26. Kh1 Qg3 0-1

[Event "SLO-chT Cup"]
[White "Suhadolnik, Jernej"]
[Black "Coklin, Marko"]
[Site "Ljubljana"]
[Round "1.33"]
[Result "0-1"]
[Date "2012.09.14"]
[WhiteElo "1883"]
[BlackElo "2207"]
[PlyCount "64"]
[EventDate "2012.09.14"]
[EventType "team-swiss"]
[EventRounds "5"]
[EventCountry "SLO"]
[SourceTitle "EXT 2015"]
[Source "ChessBase"]
[SourceDate "2014.11.20"]
[SourceVersion "1"]
[SourceVersionDate "2014.11.20"]
[SourceQuality "1"]
[WhiteTeam "Podpec"]
[BlackTeam "Radenska Pomgrad"]
[WhiteTeamCountry "SLO"]
[BlackTeamCountry "SLO"]

1. e4 c5 2. Nf3 Nc6 3. Nc3 g6 4. Be2 Bg7 5. d3 Nf6 6. Be3 d6 7. h3 a6 8. Qd2 b5 9. Bh6 0-0 10. Nd1 d5 11. Bxg7 Kxg7 12. exd5 Nxd5 13. Ne3 Bb7 14. Ng4 f6 15. Qh6+ Kg8 16. 0-0 Qd6 17. c4 Nf4 18. Rfe1 Nb4 19. Rac1 Nxa2 20. Rc2 Nb4 21. Rd2 e5 22. Ngxe5 fxe5 23. Ng5 Qd7 24. g3 Nxe2+ 25. Rdxe2 Nxd3 26. Rd1 bxc4 27. b3 Rae8 28. bxc4 e4 29. f3 exf3 30. Rxe8 f2+ 31. Kh2 Rxe8 32. Rxd3 f1Q 0-1

[Event "SLO-chT Central Superliga 12th"]
[White "Suhadolnik, Jernej"]
[Black "Janzelj, Tim"]
[Site "Slovenia"]
[Round "6.2"]
[Result "0-1"]
[Date "2011.10.11"]
[WhiteElo "1656"]
[BlackElo "2160"]
[PlyCount "64"]
[EventDate "2011.09.08"]
[EventType "team-tourn"]
[EventRounds "7"]
[EventCountry "SLO"]
[SourceTitle "EXT 2022"]
[Source "ChessBase"]
[SourceDate "2021.10.06"]
[SourceVersion "1"]
[SourceVersionDate "2021.10.06"]
[SourceQuality "1"]
[WhiteTeam "Podpec MKK"]
[BlackTeam "Ig"]
[WhiteTeamCountry "SLO"]
[BlackTeamCountry "SLO"]

1. e4 d6 2. Bc4 Nf6 3. Nc3 c5 4. d3 g6 5. Nge2 Bg7 6. 0-0 Nc6 7. a3 a6 8. h3 b5 9. Ba2 0-0 10. Bg5 h6 11. Bh4 e6 12. Qd2 g5 13. Bg3 d5 14. exd5 exd5 15. Nd1 Nh5 16. Bh2 f5 17. c3 f4 18. f3 Bf5 19. Nf2 a5 20. Ne4 c4 21. Nc5 Qd6 22. d4 Rfe8 23. Bb1 Bxb1 24. Raxb1 Qg6 25. h4 Re3 26. hxg5 Qxg5 27. Rfe1 Rae8 28. Kf1 Qh4 29. Kg1 Nxd4 30. cxd4 Rxe2 31. Rxe2 Rxe2 32. Qxe2 Bxd4+ 0-1

[Event "SLO-chT Central Superliga 12th"]
[White "Unuk, Laura"]
[Black "Suhadolnik, Jernej"]
[Site "Slovenia"]
[Round "4.3"]
[Result "1-0"]
[Date "2011.10.06"]
[WhiteElo "1720"]
[BlackElo "1656"]
[PlyCount "63"]
[EventDate "2011.09.08"]
[EventType "team-tourn"]
[EventRounds "7"]
[EventCountry "SLO"]
[SourceTitle "EXT 2022"]
[Source "ChessBase"]
[SourceDate "2021.10.06"]
[SourceVersion "1"]
[SourceVersionDate "2021.10.06"]
[SourceQuality "1"]
[WhiteTeam "Komenda Pogi"]
[BlackTeam "Podpec MKK"]
[WhiteTeamCountry "SLO"]
[BlackTeamCountry "SLO"]

1. d4 d5 2. c4 c6 3. Nc3 e6 4. Nf3 Bd6 5. e3 Nd7 6. Bd3 Ngf6 7. 0-0 0-0 8. Qc2 h6 9. e4 dxe4 10. Nxe4 Nxe4 11. Bxe4 Nf6 12. Bd3 c5 13. dxc5 Bxc5 14. Bf4 Nh5 15. Rfd1 Qe7 16. Be5 Nf6 17. h3 b6 18. a3 a5 19. Qe2 Bb7 20. Bh2 Rfe8 21. Ne5 Nd7 22. Nxd7 Bd4 23. Ne5 Qg5 24. Nf3 Bxf3 25. Qxf3 Bxb2 26. Ra2 Bf6 27. Bf4 Qc5 28. Bxh6 Rad8 29. Be3 Qc7 30. Bf1 Rc8 31. Rad2 Qe7 32. Bxb6 1-0

[Event "SLO-chT Central 2nd League"]
[White "Hafner, Branko"]
[Black "Suhadolnik, Jernej"]
[Site "Slovenia"]
[Round "3.2"]
[Result "1/2-1/2"]
[Date "2010.09.30"]
[WhiteElo "1563"]
[BlackElo "1520"]
[PlyCount "146"]
[EventDate "2010.09.09"]
[EventType "team-tourn"]
[EventRounds "9"]
[EventCountry "SLO"]
[SourceTitle "EXT 2022"]
[Source "ChessBase"]
[SourceDate "2021.10.06"]
[SourceVersion "1"]
[SourceVersionDate "2021.10.06"]
[SourceQuality "1"]
[WhiteTeam "Barob Smarca II"]
[BlackTeam "Podpec Invec"]
[WhiteTeamCountry "SLO"]
[BlackTeamCountry "SLO"]

1. e4 c5 2. Bc4 d6 3. Nf3 Nf6 4. d3 Bg4 5. Be3 Qb6 6. Bb3 g6 7. Nbd2 Bg7 8. c3 0-0 9. h3 Be6 10. c4 Nc6 11. a3 Nd7 12. Qc2 f5 13. exf5 Bxf5 14. g4 Be6 15. 0-0-0 Qd8 16. Ng5 Bf7 17. h4 e5 18. h5 gxh5 19. gxh5 h6 20. Nxf7 Rxf7 21. Rdg1 Nd4 22. Bxd4 exd4 23. Ne4 Nf6 24. f3 Nh7 25. Rg3 Qf8 26. Qg2 Kh8 27. Bd1 Nf6 28. Qe2 Re8 29. Qc2 Nxe4 30. dxe4 Be5 31. Rgh3 Qg8 32. Kb1 Ref8 33. Qf2 Rg7 34. Qd2 Bf4 35. Qd3 Rg2 36. Ka2 Rf7 37. Ba4 Rfg7 38. Qb3 Rd2 39. Rb1 b6 40. Bc6 Rgg2 41. Rhh1 Qg7 42. Rhd1 Rc2 43. Ba4 Rc3 44. Qb5 Rxf3 45. Qe8+ Qg8 46. Qxg8+ Kxg8 47. Bc6 Rg5 48. Be8 Be5 49. Rf1 Rxf1 50. Rxf1 Rg2 51. Kb3 d3 52. Rb1 d2 53. Kc2 Bxb2 54. Rd1 Bc1 55. a4 Kf8 56. Bg6 Rg3 57. Rf1+ Kg8 58. Be8 Re3 59. Bc6 Rg3 60. Bd5+ Kh7 61. Be6 Rg7 62. Rf8 Re7 63. Bf5+ Kg7 64. Rd8 Kf6 65. Rxd6+ Kg5 66. Rg6+ Kh4 67. Rxh6 Re8 68. Rh7 Rd8 69. Bd7 Rf8 70. Bf5 Rd8 71. Kd1 Rd3 72. Rg7 Re3 73. Rg1 Kxh5 1/2-1/2

[Event "SLO-chT2 West"]
[White "Mihelic, Mitja"]
[Black "Suhadolnik, Jernej"]
[Site "Kranj"]
[Round "3.5"]
[Result "1-0"]
[Date "2008.10.12"]
[WhiteElo "1728"]
[BlackElo "1514"]
[PlyCount "107"]
[EventDate "2008.10.11"]
[EventType "team-swiss"]
[EventRounds "9"]
[EventCountry "SLO"]
[SourceTitle "EXT 2010"]
[Source "ChessBase"]
[SourceDate "2010.11.25"]
[SourceVersion "1"]
[SourceVersionDate "2010.11.25"]
[SourceQuality "1"]
[WhiteTeam "Trzin"]
[BlackTeam "Podpec II"]
[WhiteTeamCountry "SLO"]
[BlackTeamCountry "SLO"]

1. d4 d5 2. c4 Nc6 3. e3 Nf6 4. Nf3 Bg4 5. h3 Bxf3 6. Qxf3 e5 7. cxd5 e4 8. Qd1 Nxd5 9. Bc4 Bb4+ 10. Bd2 Bxd2+ 11. Nxd2 f5 12. 0-0 Nb6 13. Qh5+ g6 14. Qe2 Nxc4 15. Qxc4 Qd6 16. Nb3 0-0-0 17. Nc5 Qd5 18. Qa4 Kb8 19. Rfc1 Rd6 20. Qb5 b6 21. Na6+ Kb7 22. Rc5 Qe6 23. d5 Qe8 24. Rac1 Ne7 25. Rxc7+ Ka8 26. Qb4 Qd8 27. Qb3 Rxd5 28. Rxe7 Rd3 29. Qf7 Rd1+ 30. Kh2 Qxe7 31. Qxe7 Rxc1 32. Nc7+ Kb8 33. Nb5 a6 34. Qa7+ Kc8 35. Qa8+ Kd7 36. Qxh8 Kc6 37. Qc8+ Kxb5 38. Qxc1 a5 39. b3 Kb4 40. Qb2 b5 41. a3+ Kc5 42. Qe5+ Kb6 43. Qd6+ Kb7 44. g4 fxg4 45. hxg4 h5 46. Qxg6 hxg4 47. Kg3 b4 48. axb4 axb4 49. Kxg4 Kc7 50. Kf4 Kd7 51. Ke5 Ke7 52. Qg7+ Kd8 53. Kd6 Ke8 54. Qe7# 1-0

[Event "SLO-chT2 West"]
[White "Trpin, Alenka"]
[Black "Suhadolnik, Jernej"]
[Site "Kranj"]
[Round "1.5"]
[Result "1-0"]
[Date "2008.10.11"]
[WhiteElo "1846"]
[BlackElo "1514"]
[PlyCount "55"]
[EventDate "2008.10.11"]
[EventType "team-swiss"]
[EventRounds "9"]
[EventCountry "SLO"]
[SourceTitle "EXT 2010"]
[Source "ChessBase"]
[SourceDate "2010.11.25"]
[SourceVersion "1"]
[SourceVersionDate "2010.11.25"]
[SourceQuality "1"]
[WhiteTeam "Komenda Popotnik"]
[BlackTeam "Podpec II"]
[WhiteTeamCountry "SLO"]
[BlackTeamCountry "SLO"]

1. d4 d5 2. c4 Nc6 3. Nc3 dxc4 4. Nf3 Bg4 5. d5 Bxf3 6. gxf3 Ne5 7. f4 Ng6 8. e4 e6 9. Bxc4 exd5 10. Bxd5 c6 11. Qa4 Qd7 12. Bc4 a6 13. Qc2 Bb4 14. Bd2 0-0-0 15. 0-0-0 f6 16. f5 Nf8 17. Bf4 Qe7 18. Bxa6 bxa6 19. Nd5 Qb7 20. Nxb4 Ne7 21. Rxd8+ Kxd8 22. Rd1+ Nd7 23. Qc4 g5 24. Bd6 Re8 25. Bxe7+ Rxe7 26. Nxc6+ Ke8 27. Qg8+ Nf8 28. Rd8# 1-0